[Event "Deltalift Open"]
[Site "Tylosand"]
[Date "2015.05.14"]
[Round "1.1"]
[White "Green, Per"]
[Black "Berg, Emanuel"]
[Result "0-1"]
[WhiteElo "1966"]
[BlackElo "2553"]

1.Nf3 Nf6 2.c4 g6 3.Nc3 Bg7 4.e4 d6 5.d4 O-O 6.Be2 Nbd7 7.O-O e5 8.Be3 Qe7
9.dxe5 dxe5 10.Nd5 Qd8 11.Qc2 Nh5 12.Rfd1 c6 13.Nc3 Qe7 14.Qd2 Re8 15.Qd6 
Qxd6 16.Rxd6 Bf8 17.Rdd1 Nc5 18.b4 Ne6 19.c5 Nef4 20.Bc4 Bg4 21.Rd2 Bxf3 
22.gxf3 Nf6 23.Bxf4 exf4 24.Ne2 a5 25.Rb1 axb4 26.Rxb4 b5 27.Bd3 Nd7 28.
Bb1 Ne5 29.Kg2 Bxc5 30.Rb3 g5 31.Rc2 Bb6 32.Rd2 Red8 33.Rbb2 Nc4 34.Rxd8+ 
Rxd8 35.Rb3 Rd2 36.Kf1 Nb2 37.a3 Ba7 38.h3 Rd1+ 39.Kg2 Rxb1 40.Nc3 Rc1 0-1

[Event "Deltalift Open"]
[Site "Tylosand"]
[Date "2015.05.14"]
[Round "1.2"]
[White "Hillarp Persson, Tiger"]
[Black "Szumniak, Jedrzej"]
[Result "1-0"]
[WhiteElo "2548"]
[BlackElo "1962"]

1.Nf3 d5 2.c4 c6 3.e3 Nf6 4.Nc3 e6 5.b3 a6 6.Bb2 Bd6 7.d4 b5 8.Bd3 Nbd7 9.
O-O O-O 10.Qc2 Re8 11.e4 b4 12.e5 bxc3 13.Bxc3 Bc7 14.exf6 Nxf6 15.Rad1 h6
16.Ne5 Bd7 17.Rfe1 a5 18.Re3 Qb8 19.c5 Rd8 20.Rg3 Be8 21.Qc1 Nh5 22.Qxh6 
Nxg3 23.Qh7+ Kf8 24.hxg3 Bxe5 25.dxe5 d4 26.Qh8+ Ke7 27.Qh4+ Kf8 28.Bxd4 
Qb4 29.Qh8+ Ke7 30.Be3 Qg4 31.Rd2 Bd7 32.Qh4+ Qxh4 33.gxh4 Bc8 34.Be4 Rxd2
35.Bxd2 Kd7 36.f4 g6 37.Kf2 a4 38.b4 Ba6 39.a3 Bc4 40.g4 Bd5 41.Bc2 Bb3 
42.Be4 Bd5 43.Bd3 Ke7 44.f5 gxf5 45.Bg5+ Kd7 46.gxf5 exf5 47.Bxf5+ Be6 48.
Be4 Rg8 49.Ke3 Bd5 50.Bf5+ Be6 51.Bd3 Kc7 52.Kf4 Bh3 53.h5 Rh8 54.h6 Be6 
55.h7 f5 56.exf6 Rf8 57.Bh6 Rxf6+ 58.Kg5 1-0

[Event "Deltalift Open"]
[Site "Tylosand"]
[Date "2015.05.14"]
[Round "1.3"]
[White "Axelsson, Henrik"]
[Black "Blomqvist, Erik"]
[Result "0-1"]
[WhiteElo "1959"]
[BlackElo "2513"]

1.d4 d5 2.c4 c6 3.Nf3 Nf6 4.Nc3 dxc4 5.a4 Bf5 6.e3 e6 7.Bxc4 Bb4 8.O-O 
Nbd7 9.Nh4 Bg6 10.Nxg6 hxg6 11.e4 Nxe4 12.Qb3 Bd6 13.g3 Nxc3 14.bxc3 Nb6 
15.Bxe6 fxe6 16.Qxe6+ Kf8 17.c4 Qd7 18.Qxg6 Nxc4 19.f4 Re8 20.f5 Qf7 21.
Bf4 Bxf4 22.Rxf4 Re2 23.Rc1 Qd5 24.Rf2 Rxf2 25.Kxf2 Rxh2+ 0-1

[Event "Deltalift Open"]
[Site "Tylosand"]
[Date "2015.05.14"]
[Round "1.4"]
[White "Hector, Jonny"]
[Black "Korning, Peter"]
[Result "1-0"]
[WhiteElo "2485"]
[BlackElo "1946"]

1.e4 e5 2.Nf3 Nc6 3.Bc4 Nf6 4.Qe2 Be7 5.d4 d6 6.dxe5 dxe5 7.O-O O-O 8.Rd1 
Qe8 9.h3 a6 10.Nc3 Bd6 11.Bg5 Nd7 12.Nd5 Kh8 13.Be3 Ne7 14.Nd2 f5 15.exf5 
Nxd5 16.Bxd5 Nf6 17.Nc4 Bxf5 18.Bxb7 Rb8 19.Bf3 e4 20.Bg4 Bxg4 21.hxg4 Qe6
22.Nxd6 cxd6 23.Bf4 Nxg4 24.Bxd6 Qf5 25.f3 exf3 26.gxf3 Rbe8 27.fxg4 Qg6 
28.Qg2 Re4 29.g5 Rfe8 30.Rd2 Qh5 31.Rf1 Rg4 32.Bg3 Qxg5 33.Rd3 h5 34.Kh2 
h4 35.Rff3 hxg3+ 36.Rxg3 Rxg3 37.Rxg3 Qe5 38.c3 Re6 39.Kg1 Qe1+ 40.Kh2 Qe5
41.Qf3 Rf6 42.Qg4 Rf2+ 43.Kh3 Rxb2 44.a4 Rb6 45.Qf3 Rf6 46.Qd3 Rh6+ 47.Kg2
Rh5 48.c4 Qb2+ 49.Kf3 Qf6+ 50.Ke3 Qe5+ 51.Kf2 Rh2+ 52.Kg1 Rh5 53.Qe3 Qa1+ 
54.Kf2 Rh2+ 55.Kf3 Qf6+ 56.Ke4 Rh4+ 57.Kd3 Qf5+ 58.Kc3 Qa5+ 59.Kb3 Qd8 60.
Rh3 Qb8+ 61.Ka2 Rxh3 62.Qxh3+ Kg8 63.Qc3 Qh2+ 64.Ka3 Qd6+ 65.c5 Qc6 66.Qd4
Qf3+ 67.Kb4 Qc6 68.Ka5 Kf7 69.Qe5 1-0

[Event "Deltalift Open"]
[Site "Tylosand"]
[Date "2015.05.14"]
[Round "1.5"]
[White "Blazekovic, Nina"]
[Black "Semcesen, Daniel"]
[Result "0-1"]
[WhiteElo "1939"]
[BlackElo "2475"]

1.e4 d6 2.d4 Nf6 3.Nc3 Nbd7 4.Nf3 e5 5.Bc4 Be7 6.O-O O-O 7.Be3 c6 8.a4 h6 
9.Qe2 Re8 10.Rad1 Qc7 11.b4 Bf8 12.Nh4 exd4 13.Bxd4 d5 14.Bd3 Bxb4 15.f3 
Bc5 16.Bf2 Qa5 17.Qd2 Bb4 18.Nf5 Bxc3 19.Qc1 Ne5 20.exd5 Nxd3 21.Rxd3 Bxf5
0-1

[Event "Deltalift Open"]
[Site "Tylosand"]
[Date "2015.05.14"]
[Round "1.6"]
[White "Fries-Nielsen, Jens Ove"]
[Black "Sjodahl, Sten"]
[Result "1-0"]
[WhiteElo "2459"]
[BlackElo "1939"]

1.e3 d5 2.Nf3 Nf6 3.c4 Bg4 4.Qb3 b6 5.cxd5 Bxf3 6.gxf3 Nxd5 7.Nc3 e6 8.f4 
Be7 9.f5 Nxc3 10.Qxc3 Bf6 11.Bb5+ Nd7 12.Qd3 exf5 13.Qxf5 Rc8 14.Bc6 Qe7 
15.d4 Rd8 16.O-O O-O 17.Bd2 Nb8 18.Rac1 g6 19.Qf3 Qe6 20.Bb4 Be7 21.d5 Qe5
22.Bc3 Qg5+ 23.Kh1 Nxc6 24.dxc6 Qd5 25.e4 Qe6 26.Rg1 Rfe8 27.Rg3 Bf8 28.
Rg4 Bg7 29.Bxg7 Kxg7 30.a3 Kg8 31.Rf4 Rd4 32.Rf6 Qe7 33.e5 Rh4 34.Qg3 Re4 
35.f4 Qd8 36.Qb3 Re7 37.Rd1 Rd4 38.Rd6 Rxd6 39.exd6 cxd6 40.Qd5 Qe8 41.Rf1
Rc7 42.Rc1 Qe3 43.Rc4 Qe1+ 44.Kg2 Qe2+ 45.Kg3 Re7 46.Rc3 h5 47.Qf3 Qe1+ 
48.Kh3 Qe6+ 49.f5 Qc8 50.Kg2 Qe8 51.c7 Qc8 52.fxg6 fxg6 53.Qd5+ Kh7 54.
Qxd6 Qg4+ 55.Qg3 Qe4+ 56.Qf3 Qe1 57.c8=Q Re2+ 58.Kh3 Qd2 59.Qf7+ Kh6 60.
Qcf8+ 1-0

[Event "Deltalift Open"]
[Site "Tylosand"]
[Date "2015.05.14"]
[Round "1.7"]
[White "Cramling Bellon, Anna"]
[Black "Smith, Axel"]
[Result "0-1"]
[WhiteElo "1938"]
[BlackElo "2454"]

1.d4 e6 2.c4 Bb4+ 3.Nc3 b6 4.Qc2 f5 5.Nf3 Bb7 6.Bf4 Nf6 7.e3 O-O 8.Be2 Ne4
9.a3 Bxc3+ 10.bxc3 d6 11.O-O Nd7 12.h3 Qe7 13.Nd2 e5 14.Bh2 Nxd2 15.Qxd2 
Nf6 16.f3 Rae8 17.d5 g5 18.Qd1 Rf7 19.Qc2 Bc8 20.e4 f4 21.a4 a5 22.c5 dxc5
23.c4 Kh8 24.Rad1 Rd8 25.Qb3 Ne8 26.Qb2 Nd6 27.Bd3 Rg8 28.Be2 Rg6 29.Rd3 
h5 30.Rb3 Bd7 31.Ra3 Rfg7 32.Bd3 Kg8 33.Re1 Qe8 34.Kf2 g4 35.hxg4 hxg4 36.
Ke2 gxf3+ 37.Kxf3 Rg3+ 38.Bxg3 Qh5+ 39.Kf2 fxg3+ 40.Ke3 Qh6+ 41.Ke2 Bg4+ 
0-1

[Event "Deltalift Open"]
[Site "Tylosand"]
[Date "2015.05.14"]
[Round "1.8"]
[White "Westerberg, Jonathan"]
[Black "Sadiku, Halil"]
[Result "1-0"]
[WhiteElo "2447"]
[BlackElo "1937"]

1.e4 e6 2.d4 d5 3.Nc3 Nf6 4.Bg5 Be7 5.e5 Nfd7 6.Bxe7 Qxe7 7.f4 c5 8.Nb5 
O-O 9.Nc7 Nb6 10.Nxa8 Nxa8 11.Nf3 Nc6 12.Qd2 Nb6 13.dxc5 Qxc5 14.Bd3 Na4 
15.b3 Nc3 16.Qf2 Qb4 17.Nd2 Ne4 18.Bxe4 dxe4 19.O-O f5 20.exf6 gxf6 21.a3 
Qe7 22.Nxe4 b6 23.Rfe1 e5 24.Rad1 Bf5 25.Nd6 Be6 26.Qf3 Nd4 27.Rxd4 exd4 
28.Qg3+ Kh8 29.f5 Rg8 30.Rxe6 Qc7 31.Qh4 1-0

[Event "Deltalift Open"]
[Site "Tylosand"]
[Date "2015.05.14"]
[Round "1.9"]
[White "Lindstrom, Reine"]
[Black "Akesson, Ralf"]
[Result "0-1"]
[WhiteElo "1922"]
[BlackElo "2436"]

1.e4 c5 2.Nc3 Nc6 3.g3 g6 4.Bg2 Bg7 5.d3 d6 6.f4 e6 7.Nf3 Nge7 8.O-O O-O 
9.Be3 Nd4 10.Rb1 Nec6 11.Ne2 e5 12.c3 Nxf3+ 13.Bxf3 Bh3 14.Bg2 Bxg2 15.
Kxg2 exf4 16.Nxf4 Qd7 17.Nd5 f5 18.Qb3 Kh8 19.exf5 Rxf5 20.Rxf5 Qxf5 21.
Qxb7 Qxd5+ 22.Kg1 Nb4 23.Qxd5 Nxd5 24.Bd2 Rb8 25.Re1 Be5 26.Bc1 Kg7 27.Kg2
Rb7 28.Re2 h6 29.Re4 g5 30.a3 Re7 31.h4 Bf6 32.hxg5 hxg5 33.Kf3 Kg6 34.Ra4
Re1 35.Bd2 Rb1 36.Rxa7 Rxb2 37.Be1 Nxc3 38.Ra6 Nb5 39.a4 Nd4+ 40.Kg4 Nf5 
41.a5 Re2 42.Bc3 Bxc3 43.Rxd6+ Nxd6 0-1

[Event "Deltalift Open"]
[Site "Tylosand"]
[Date "2015.05.14"]
[Round "1.11"]
[White "Stenman, Christoffer"]
[Black "Jepson, Christian"]
[Result "0-1"]
[WhiteElo "1901"]
[BlackElo "2417"]

1.e4 e5 2.Nf3 Nc6 3.d4 exd4 4.Bc4 Nf6 5.O-O Nxe4 6.Re1 d5 7.Bxd5 Qxd5 8.
Nc3 Qh5 9.Nxe4 Be6 10.Bg5 Bd6 11.Nxd6+ cxd6 12.Bf4 Qd5 13.c3 Kd7 14.Nxd4 
Nxd4 15.cxd4 g5 16.Qa4+ b5 0-1

[Event "Deltalift Open"]
[Site "Tylosand"]
[Date "2015.05.14"]
[Round "1.12"]
[White "Sjodahl, Pontus"]
[Black "Thomasson, Staffan"]
[Result "1-0"]
[WhiteElo "2411"]
[BlackElo "1894"]

1.d4 g6 2.c4 Bg7 3.e4 c5 4.d5 d6 5.Bd3 Nf6 6.Nc3 O-O 7.h3 e6 8.Nf3 exd5 9.
cxd5 Re8 10.O-O Nbd7 11.Bf4 Qb6 12.Rb1 Nh5 13.Be3 Ne5 14.Nxe5 Bxe5 15.Qd2 
Bd7 16.b4 Qc7 17.Nb5 Bxb5 18.Bxb5 Rec8 19.bxc5 dxc5 20.f4 a6 21.Be2 Ng3 
22.fxe5 Nxf1 23.Rxf1 Qxe5 24.Bf3 b5 25.Rc1 c4 26.Bd4 Qe7 27.e5 Rab8 28.d6 
c3 29.Rxc3 Qd8 30.Rd3 Rc4 31.Bd5 Rcc8 32.Rf3 Qd7 33.Qh6 1-0

[Event "Deltalift Open"]
[Site "Tylosand"]
[Date "2015.05.14"]
[Round "1.14"]
[White "Bellon Lopez, Juan Manuel"]
[Black "Karlsson, Roger"]
[Result "1-0"]
[WhiteElo "2364"]
[BlackElo "1888"]

1.d4 d5 2.Bg5 g6 3.h4 h6 4.Bf4 Bg7 5.Nf3 c6 6.c3 Nd7 7.e3 Ngf6 8.Nbd2 Ne4 
9.Nxe4 dxe4 10.Nd2 e5 11.dxe5 Nc5 12.Nc4 O-O 13.Qxd8 Rxd8 14.Nd6 Be6 15.f3
exf3 16.gxf3 Nd7 17.O-O-O Nxe5 18.Be2 b6 19.c4 a5 20.Kb1 a4 21.Rd2 Rd7 22.
Rhd1 Ra5 23.e4 c5 24.Bg3 a3 25.b3 Nc6 26.Nb5 Rxd2 27.Rxd2 Nd4 28.Bf2 Nxe2 
29.Rxe2 Bd7 30.Nc7 Be5 31.Nd5 b5 32.f4 Bg7 33.Rd2 Be6 34.cxb5 Rxb5 35.Kc2 
c4 36.bxc4 Rb2+ 37.Kd3 f5 38.e5 g5 39.hxg5 hxg5 40.Be3 Kf7 41.Rxb2 axb2 
42.Kc2 g4 43.Kxb2 g3 44.Kc3 Bxd5 45.cxd5 Bh6 46.e6+ Kf6 47.a4 g2 48.a5 
Bxf4 49.Bg1 Bb8 50.a6 1-0

[Event "Deltalift Open"]
[Site "Tylosand"]
[Date "2015.05.14"]
[Round "1.16"]
[White "Lindgren, Philip"]
[Black "Tillman, Jan-Olof"]
[Result "1-0"]
[WhiteElo "2346"]
[BlackElo "1886"]

1.d4 d5 2.c4 c6 3.Nf3 Nf6 4.Nc3 e6 5.Bg5 Be7 6.e3 O-O 7.Bd3 h6 8.Bh4 Nbd7 
9.O-O dxc4 10.Bxc4 Nd5 11.Bg3 Nxc3 12.bxc3 Nf6 13.Bd3 b6 14.e4 Bb7 15.c4 
Nh5 16.Qe2 Nxg3 17.hxg3 Qc7 18.Rfd1 Rfe8 19.Bc2 Rac8 20.e5 g6 21.Qe3 Kg7 
22.Be4 Red8 23.Rac1 Qb8 24.g4 Qa8 25.c5 bxc5 26.dxc5 Rxd1+ 27.Rxd1 Rd8 28.
Rd6 Bxd6 29.exd6 Qc8 30.g5 h5 31.Qd4+ Kg8 32.Qf6 Rd7 33.Ne5 1-0

[Event "Deltalift Open"]
[Site "Tylosand"]
[Date "2015.05.14"]
[Round "1.17"]
[White "Hardlei, Johan"]
[Black "Fries-Nielsen, Niels Jorgen"]
[Result "0-1"]
[WhiteElo "1884"]
[BlackElo "2343"]

1.e4 d6 2.Nc3 a6 3.a4 Nf6 4.f4 Nc6 5.Nf3 d5 6.exd5 Nxd5 7.Bc4 e6 8.d3 Bd6 
9.Bxd5 exd5 10.O-O O-O 11.d4 Ne7 12.Nh4 Nc6 13.Nf3 Nb4 14.Na2 Nc6 15.Nc3 
Bb4 16.Ne5 Ne7 17.Ne2 Nf5 18.Ng3 Nxg3 19.hxg3 f6 20.Nd3 Bd6 21.f5 Bxg3 22.
Qg4 Bd6 23.Nf4 Bxf4 24.Bxf4 Qd7 25.Qg3 Rf7 26.Rae1 Qxa4 27.c3 Qc6 28.Bd2 
Bd7 29.Rf3 Re8 30.Rxe8+ Bxe8 31.Qe1 Bd7 32.g4 Qd6 33.Bf4 Qf8 34.Re3 c5 35.
dxc5 Qxc5 36.Kh2 Qc8 37.Re7 h5 38.gxh5 Rxe7 39.Qxe7 Qe8 40.Qxe8+ Bxe8 41.
h6 Bd7 42.hxg7 Kxg7 43.Kg3 Bxf5 44.Be3 Kf7 45.Kf4 Ke6 46.Bd4 Be4 47.Bb6 f5
48.Ba5 Kd6 49.Bb6 Kc6 50.Bd4 Kb5 51.b4 b6 52.Bf6 a5 53.bxa5 bxa5 54.Ke3 
Kc4 55.Kd2 Kb3 56.Be7 a4 0-1

[Event "Deltalift Open"]
[Site "Tylosand"]
[Date "2015.05.14"]
[Round "1.18"]
[White "Ziegler, Ari"]
[Black "Fransson, Stefan"]
[Result "1-0"]
[WhiteElo "2305"]
[BlackElo "1881"]

1.d4 d5 2.c4 e6 3.Nc3 c6 4.cxd5 exd5 5.Nf3 Bd6 6.Bg5 f6 7.Bh4 Bf5 8.e3 Ne7
9.Bd3 O-O 10.O-O Nd7 11.a3 a5 12.Rb1 Re8 13.e4 dxe4 14.Nxe4 Bxe4 15.Bxe4 
Ng6 16.Qb3+ Kh8 17.Bxg6 hxg6 18.Qxb7 c5 19.Rfd1 Rb8 20.Qa6 Qc7 21.Qd3 g5 
22.Bxg5 c4 23.Qg6 fxg5 24.Nxg5 Nf6 25.h4 Bf4 26.d5 Bxg5 27.hxg5 Ne4 28.
Qh5+ Kg8 29.g6 Nf6 30.d6 Qd7 31.Qxa5 Rb5 32.Qa4 Rg5 33.Qxc4+ 1-0

[Event "Deltalift Open"]
[Site "Tylosand"]
[Date "2015.05.14"]
[Round "1.19"]
[White "Sorensen, Hampus"]
[Black "Dragicevic, Drazen"]
[Result "0-1"]
[WhiteElo "1881"]
[BlackElo "2304"]

1.d4 Nf6 2.Nf3 g6 3.c4 Bg7 4.Nc3 d5 5.cxd5 Nxd5 6.e4 Nxc3 7.bxc3 c5 8.Bb5+
Bd7 9.Bxd7+ Qxd7 10.O-O cxd4 11.cxd4 Nc6 12.Be3 O-O 13.Qd2 Rfd8 14.Rfd1 
Qg4 15.Qc2 Rac8 16.Qb1 b6 17.h3 Qd7 18.a3 Na5 19.a4 Rc4 20.Qb5 Qb7 21.e5 
Rdc8 22.Rab1 Qc6 23.d5 Qxb5 24.axb5 Rd8 25.e6 f5 26.Bg5 Kf8 27.Rbc1 h6 28.
Rxc4 Nxc4 29.Be3 Nd6 30.Bf4 Nxb5 31.Be5 Nc3 32.Bxg7+ Kxg7 33.Ra1 a5 34.Ra3
Nxd5 35.Rd3 Rd6 36.Ne5 Nc7 37.Rxd6 exd6 38.Nc4 Kf6 39.Nxb6 Kxe6 40.Nc4 a4 
41.Na3 Kd5 42.Kf1 Kd4 43.Nb1 Kd3 44.Ke1 Kc2 45.Na3+ Kb3 46.Nb1 Kb2 47.Nd2 
d5 48.Nf3 a3 0-1

[Event "Deltalift Open"]
[Site "Tylosand"]
[Date "2015.05.14"]
[Round "1.21"]
[White "Salholm, Soren"]
[Black "Akesson, Joel"]
[Result "0-1"]
[WhiteElo "1880"]
[BlackElo "2294"]

1.e4 e6 2.b3 d5 3.exd5 exd5 4.Nf3 Nf6 5.Bb2 Be7 6.Be2 O-O 7.O-O Bf5 8.Nd4 
Bd7 9.c4 c5 10.Nf3 d4 11.Ne5 Bf5 12.f4 Bd6 13.Bf3 Qc7 14.b4 Nbd7 15.Nxd7 
Qxd7 16.bxc5 Bxf4 17.c6 bxc6 18.Bxc6 Bxh2+ 19.Kh1 Qxc6 20.Rxf5 Bc7 21.Bxd4
Qe4 22.Rxf6 Qh4+ 23.Kg1 Qxd4+ 0-1

[Event "Deltalift Open"]
[Site "Tylosand"]
[Date "2015.05.14"]
[Round "1.22"]
[White "Rydstrom, Tom"]
[Black "Koski, Viljo"]
[Result "1-0"]
[WhiteElo "2291"]
[BlackElo "1878"]

1.e4 e5 2.Bc4 Nc6 3.Nf3 Be7 4.c3 d6 5.b4 a6 6.Qb3 Nh6 7.d4 O-O 8.Bxh6 gxh6
9.d5 Nb8 10.Nbd2 Bg5 11.Bd3 f5 12.exf5 Bxf5 13.Bxf5 Rxf5 14.Qc2 Rf7 15.Ne4
Nd7 16.O-O Nf8 17.Qe2 Ng6 18.Nfxg5 hxg5 19.g3 h6 20.a4 Qd7 21.Qh5 Kg7 22.
a5 Raf8 23.f3 Qb5 24.Rad1 Qe2 25.Rd2 Qe3+ 26.Kg2 Ne7 27.Rff2 Ng8 28.h4 Rf5
29.Rde2 Qd3 30.hxg5 hxg5 31.Nxg5 Qxd5 32.Qh7+ Kf6 33.Ne4+ Ke6 34.Qxc7 Nf6 
35.Rd2 1-0

[Event "Deltalift Open"]
[Site "Tylosand"]
[Date "2015.05.14"]
[Round "1.23"]
[White "Karlsson, Magnus"]
[Black "Norberg, Erik"]
[Result "0-1"]
[WhiteElo "1876"]
[BlackElo "2268"]

1.e4 g6 2.h4 h5 3.Nf3 c6 4.d4 d5 5.Nbd2 Bg4 6.Be2 Qb6 7.c3 Nd7 8.exd5 cxd5
9.Qa4 Nf6 10.Bd3 Bh6 11.Ne5 Be6 12.Ndf3 Bxc1 13.Rxc1 Qxb2 14.O-O O-O 15.
Ng5 Nxe5 16.dxe5 Ng4 17.Qd4 Rac8 18.f3 Nh6 19.Nxe6 fxe6 20.Bxg6 Nf5 21.Qf4
Qb6+ 22.Kh2 Rc4 0-1

[Event "Deltalift Open"]
[Site "Tylosand"]
[Date "2015.05.14"]
[Round "1.24"]
[White "Rosberg, Simon"]
[Black "Flodmark, Tarras"]
[Result "1-0"]
[WhiteElo "2262"]
[BlackElo "1875"]

1.Nf3 d5 2.d4 c6 3.c4 Nf6 4.Qc2 Nbd7 5.g3 e6 6.Bg2 Be7 7.O-O O-O 8.Nbd2 c5
9.Rd1 Re8 10.b3 cxd4 11.Nxd4 Qb6 12.Bb2 Bc5 13.e3 Nf8 14.a3 a5 15.Rac1 Bd7
16.cxd5 Rac8 17.Nc4 Qa7 18.dxe6 Nxe6 19.Nxe6 Bxe6 20.Bxf6 gxf6 21.Qb2 b5 
22.Nd2 f5 23.b4 axb4 24.axb4 Bf8 25.Bc6 Red8 26.Bxb5 Rb8 27.Be2 Rxb4 28.
Qf6 Qe7 29.Qxe7 Bxe7 30.Nf3 Rxd1+ 31.Rxd1 Bf6 32.Nd4 Bxd4 33.exd4 Kg7 34.
Kg2 Bd5+ 35.Bf3 Rb5 36.Bxd5 Rxd5 37.Kf3 Kf6 38.Ke3 Ke6 39.Ra1 f4+ 40.Ke4 
Rh5 41.Ra6+ Ke7 42.h4 fxg3 43.fxg3 Rb5 44.Ra3 Rb1 45.Rd3 Rb4 46.Kf5 Rb5+ 
47.d5 Kd6 48.Kf6 Rb7 49.h5 Re7 50.h6 Ra7 51.Kg7 f5+ 52.Kf6 Ra1 53.Kxf5 Rh1
54.Kg5 Rh2 55.Rd1 Rg2 56.g4 Rg3 57.Ra1 Kxd5 58.Ra7 1-0

[Event "Deltalift Open"]
[Site "Tylosand"]
[Date "2015.05.14"]
[Round "1.25"]
[White "Lonn, Joakim"]
[Black "Haugli, Petter"]
[Result "0-1"]
[WhiteElo "1873"]
[BlackElo "2256"]

1.d4 Nf6 2.c4 g6 3.Nc3 Bg7 4.e4 d6 5.Be2 O-O 6.Nf3 e5 7.d5 a5 8.Be3 Na6 9.
Nd2 Nc5 10.a3 Ne8 11.Rb1 f5 12.f3 Bh6 13.Bf2 a4 14.h4 Nf6 15.Bxc5 dxc5 16.
Nxa4 b6 17.Nc3 Nh5 18.Nf1 fxe4 19.Nxe4 Bf5 20.Bd3 Bf4 21.Qc2 Qe7 22.Kf2 
Bh6 23.g3 Rf7 24.Nh2 Bh3 25.Rbg1 Raf8 26.Ke1 Be3 27.Nf2 Bd7 28.Rg2 Nf6 29.
g4 Bxf2+ 30.Qxf2 e4 31.Be2 exf3 32.Qxf3 Nxg4 33.Qg3 Rf2 34.Rxf2 Rxf2 35.
Qd3 Rxh2 36.Rxh2 Nxh2 37.Qg3 Qd6 38.Kf2 h5 39.Bxh5 Qxg3+ 0-1

[Event "Deltalift Open"]
[Site "Tylosand"]
[Date "2015.05.14"]
[Round "1.27"]
[White "Gustavsson, Ingemar"]
[Black "Hansen, Lars"]
[Result "0-1"]
[WhiteElo "1861"]
[BlackElo "2239"]

1.e4 e6 2.d4 d5 3.Nc3 Nf6 4.Bg5 Be7 5.e5 Nfd7 6.Bxe7 Qxe7 7.f4 O-O 8.Qh5 
c5 9.Nb5 Nc6 10.Nf3 cxd4 11.O-O-O f6 12.Bd3 g6 13.Qh6 fxe5 14.Ng5 e4 15.h4
Nf6 16.Be2 a6 17.Nxd4 Nxd4 18.Rxd4 Qg7 19.Qxg7+ Kxg7 20.h5 h6 21.Nh3 gxh5 
22.Nf2 Bd7 23.g3 Be8 24.Re1 Bg6 25.Bd1 Bf5 26.Re3 Rac8 27.Be2 Rf7 28.Nd1 
Bg4 29.Nc3 Ne8 30.Na4 Nd6 31.Nb6 Rc6 32.Bxg4 hxg4 33.Rb4 Nf5 34.Reb3 Rfc7 
35.c3 Nxg3 36.Na8 Rf7 37.Rxb7 Nf5 38.Rxf7+ Kxf7 39.Rb7+ Kg6 40.Nc7 g3 41.
Kd1 0-1

[Event "Deltalift Open"]
[Site "Tylosand"]
[Date "2015.05.14"]
[Round "1.28"]
[White "Madebrink, Lars"]
[Black "Westerlund, Ola"]
[Result "1-0"]
[WhiteElo "2236"]
[BlackElo "1861"]

1.c4 e5 2.Nc3 Nf6 3.g3 Bb4 4.Qc2 Nc6 5.e3 Bxc3 6.Qxc3 d5 7.d3 d4 8.Qb3 O-O
9.e4 Nd7 10.Bd2 a5 11.Nf3 Ra6 12.a3 Nc5 13.Qd1 Rb6 14.Qc2 a4 15.Be2 f5 16.
exf5 e4 17.Nh4 Rb3 18.Qc1 Nxd3+ 19.Bxd3 Rxd3 20.O-O Bxf5 21.Bg5 Qd7 22.c5 
Ne5 23.Qf4 Nf3+ 24.Nxf3 1-0

[Event "Deltalift Open"]
[Site "Tylosand"]
[Date "2015.05.14"]
[Round "1.29"]
[White "Degerfeldt, Sven"]
[Black "Lindh, Fredrik"]
[Result "0-1"]
[WhiteElo "1854"]
[BlackElo "2235"]

1.d4 Nf6 2.c4 g6 3.Nc3 d5 4.cxd5 Nxd5 5.e4 Nxc3 6.bxc3 Bg7 7.Qa4+ Nd7 8.
Be3 O-O 9.Qa3 e5 10.Nf3 exd4 11.cxd4 Re8 12.e5 c5 13.Rd1 cxd4 14.Rxd4 Bf8 
15.Qc3 Qb6 16.Bc4 Qb1+ 17.Rd1 Bb4 18.Rxb1 Bxc3+ 19.Ke2 Nxe5 20.Nxe5 Bxe5 
21.Rhd1 Bg4+ 22.f3 Be6 23.Bxe6 Rxe6 24.Kf2 b6 25.g3 Rc8 26.Rd2 Rec6 27.
Rbd1 Rc2 28.Rxc2 Rxc2+ 29.Rd2 Rxd2+ 30.Bxd2 f5 31.Ke2 Kf7 32.Kd3 Ke6 33.
Kc4 a6 34.a4 Kd6 35.Be3 Kc6 36.Bh6 b5+ 37.axb5+ axb5+ 38.Kd3 Kd5 39.Bf8 h5
40.Bb4 g5 41.Be7 g4 42.fxg4 hxg4 43.Bb4 f4 44.Be1 f3 45.Bf2 Bd6 0-1

[Event "Deltalift Open"]
[Site "Tylosand"]
[Date "2015.05.14"]
[Round "1.32"]
[White "Ronneland, Daniel"]
[Black "Nilsen, Tobias Lang"]
[Result "0-1"]
[WhiteElo "2213"]
[BlackElo "1851"]

1.e4 e6 2.d4 d5 3.Nd2 c5 4.exd5 exd5 5.Ngf3 Nc6 6.dxc5 Bxc5 7.Nb3 Bb6 8.
Be2 Nf6 9.O-O O-O 10.c3 Bf5 11.Bg5 Re8 12.Nbd4 Bg4 13.h3 Nxd4 14.cxd4 Bh5 
15.g4 Bg6 16.Ne5 h6 17.Bh4 Qe7 18.Bb5 Rf8 19.Nd7 Rfc8 20.Qd2 Rc2 21.Qf4 
Bc7 22.Bxf6 Qxd7 23.Bxd7 Bxf4 24.Be5 Bxe5 25.dxe5 Rxb2 26.e6 fxe6 27.Bxe6+
Bf7 28.Bf5 d4 29.a4 Rd8 30.Rfd1 g6 31.Be4 b6 32.a5 b5 33.a6 b4 34.Rac1 Ra2
35.Rc6 b3 36.Kf1 b2 37.Bd3 Ra1 38.Ke2 Ra2 39.Kf1 Re8 40.Rc7 Ra1 41.Bb1 Bb3
42.Rxd4 Rxb1+ 43.Kg2 Rg1+ 44.Kxg1 b1=Q+ 45.Kh2 Bf7 46.Rdd7 Qe4 47.Rxf7 
Qe5+ 48.Kg2 Qd5+ 49.Kh2 Qxf7 50.Rxf7 Kxf7 0-1

[Event "Deltalift Open"]
[Site "Tylosand"]
[Date "2015.05.14"]
[Round "2.1"]
[White "Berg, Emanuel"]
[Black "Mardell, Jimmy"]
[Result "1-0"]
[WhiteElo "2553"]
[BlackElo "2145"]

1.e4 c5 2.Nf3 d6 3.d4 cxd4 4.Nxd4 Nf6 5.Nc3 g6 6.Be3 Bg7 7.f3 O-O 8.Qd2 
Nc6 9.g4 Be6 10.Nxe6 fxe6 11.O-O-O Ne5 12.Be2 Rc8 13.Nb5 d5 14.g5 Ne8 15.
f4 Nc4 16.Bxc4 Rxc4 17.e5 a6 18.Nd4 Qc8 19.h4 h5 20.gxh6 Bxh6 21.Rdg1 Kh7 
22.h5 gxh5 23.Rxh5 Ng7 24.Rxh6+ Kxh6 25.Qh2+ Nh5 26.f5+ 1-0

[Event "Deltalift Open"]
[Site "Tylosand"]
[Date "2015.05.14"]
[Round "2.2"]
[White "Wallin, Dennis"]
[Black "Hillarp Persson, Tiger"]
[Result "1/2-1/2"]
[WhiteElo "2142"]
[BlackElo "2548"]

1.Nf3 Nf6 2.c4 g6 3.Nc3 Bg7 4.e4 d6 5.d4 O-O 6.Be2 Bg4 7.h3 Bxf3 8.Bxf3 
Nfd7 9.d5 Na6 10.O-O c5 11.Be2 Nc7 12.a4 e6 13.dxe6 Nxe6 14.Qxd6 Nd4 15.
Bg4 Ne5 16.Qxc5 Nb3 17.Qa3 Nxa1 18.Qxa1 Nxg4 19.hxg4 Qc8 20.b3 Qxg4 21.Bb2
f6 22.f3 Qe6 23.Nd5 Rf7 24.Re1 Re8 25.Bd4 a6 26.a5 h5 27.Qc3 Kh7 28.Kf2 
Ref8 29.Re2 Bh6 30.Re1 f5 31.e5 f4 32.Nf6+ Kh8 33.Qd3 Rg7 34.Bc5 Rc8 35.
Ne4 Qxe5 36.Bd4 Qe7 37.Nd6 Qh4+ 38.Kf1 Qh1+ 39.Kf2 Qh4+ 40.Kf1 Qh1+ 
1/2-1/2

[Event "Deltalift Open"]
[Site "Tylosand"]
[Date "2015.05.14"]
[Round "2.3"]
[White "Blomqvist, Erik"]
[Black "Djurhuus, Eivind X"]
[Result "1-0"]
[WhiteElo "2513"]
[BlackElo "2142"]

1.e4 c5 2.Nf3 e6 3.g3 Nc6 4.Bg2 g6 5.d4 cxd4 6.Nxd4 Bc5 7.Nb3 Bf8 8.Nc3 
Bg7 9.Nb5 Nge7 10.Bf4 e5 11.Nd6+ Kf8 12.Be3 f6 13.Qe2 Qc7 14.O-O-O Nd8 15.
f4 Nf7 16.fxe5 Nxe5 17.Rhf1 Nf7 18.Nb5 Qd8 19.Nc5 Qa5 20.Kb1 a6 21.Nd6 Ne5
22.Bh3 b5 23.Bg5 Qc7 24.Bxf6 Bxf6 25.Rxf6+ Kg7 26.Qf2 Nf5 27.exf5 Kxf6 28.
fxg6+ Kxg6 29.Qf5+ Kh6 30.Qxe5 1-0

[Event "Deltalift Open"]
[Site "Tylosand"]
[Date "2015.05.14"]
[Round "2.4"]
[White "Malmdin, Nils-Ake"]
[Black "Hector, Jonny"]
[Result "0-1"]
[WhiteElo "2129"]
[BlackElo "2485"]

1.e4 e5 2.Nf3 Nc6 3.Nc3 Nf6 4.a3 g6 5.d4 exd4 6.Nxd4 Bg7 7.Nxc6 bxc6 8.Bg5
h6 9.Be3 O-O 10.Be2 Re8 11.Bf3 Rb8 12.Rb1 Ba6 13.Qd2 Kh7 14.Kd1 Rb7 15.Kc1
d6 16.g4 Nd7 17.h4 Qf6 18.Be2 Bxe2 19.Nxe2 Rxb2 20.Bd4 Rxb1+ 21.Kxb1 Rb8+ 
22.Ka2 Qe6+ 0-1

[Event "Deltalift Open"]
[Site "Tylosand"]
[Date "2015.05.14"]
[Round "2.5"]
[White "Semcesen, Daniel"]
[Black "Wahlstrom, Lennart"]
[Result "1-0"]
[WhiteElo "2475"]
[BlackElo "2136"]

1.d4 d5 2.c4 e6 3.Nc3 c5 4.e3 Nc6 5.Nf3 Nf6 6.a3 a6 7.h3 Be7 8.dxc5 Bxc5 
9.b4 Bd6 10.Bb2 O-O 11.Rc1 Bc7 12.Qc2 dxc4 13.Bxc4 b5 14.Be2 Bb7 15.Ne4 
Nxe4 16.Qxe4 Qd5 17.Qxd5 exd5 18.O-O Bb6 19.Rfd1 Rfd8 20.Rd2 Rac8 21.Rcd1 
Ne7 22.Nd4 Bxd4 23.Bxd4 Rd7 24.Bc5 Kf8 25.Bg4 Rxc5 26.bxc5 Rc7 27.e4 Rxc5 
28.exd5 1-0

[Event "Deltalift Open"]
[Site "Tylosand"]
[Date "2015.05.14"]
[Round "2.6"]
[White "Nilsson, Patrik 1978"]
[Black "Fries-Nielsen, Jens Ove"]
[Result "0-1"]
[WhiteElo "2127"]
[BlackElo "2459"]

1.e4 d5 2.exd5 Qxd5 3.Nf3 g6 4.d4 Bg7 5.Be2 Nh6 6.c4 Qd8 7.Nc3 Nf5 8.d5 
Na6 9.O-O O-O 10.h3 e5 11.dxe6 Bxe6 12.Nd5 c6 13.Nf4 Nc5 14.Rb1 a5 15.g4 
Nd4 16.Be3 Nxe2+ 17.Qxe2 Qe7 18.Bd4 Bxd4 19.Nxd4 Qf6 20.Qe3 Bxc4 21.Rfc1 
Rfe8 22.Qd2 Ne4 23.Qe3 Bxa2 24.Ra1 Ng5 25.Rxa2 Rxe3 26.fxe3 Qe5 27.Ra3 
Nxh3+ 28.Nxh3 Qg3+ 29.Kf1 Qxh3+ 30.Kf2 Re8 31.Rg1 a4 32.Rg3 Qh2+ 33.Rg2 
Qe5 34.Rc3 Qd5 35.Rg1 c5 36.Ne2 b5 37.Rgc1 Qe5 38.Nf4 c4 39.Rd1 a3 40.Rd5 
axb2 41.Rxe5 Rxe5 0-1

[Event "Deltalift Open"]
[Site "Tylosand"]
[Date "2015.05.14"]
[Round "2.7"]
[White "Smith, Axel"]
[Black "Svensson, Anders 1971"]
[Result "1-0"]
[WhiteElo "2454"]
[BlackElo "2130"]

1.d4 Nf6 2.c4 g6 3.Nc3 Bg7 4.e4 d6 5.Bd3 O-O 6.Nge2 e5 7.d5 c6 8.O-O cxd5 
9.cxd5 Nh5 10.Be3 f5 11.exf5 gxf5 12.f3 Nd7 13.Rc1 Nc5 14.Bb1 a5 15.f4 
exf4 16.Nxf4 Nf6 17.Bd4 Bd7 18.Qd2 b5 19.Ne6 Bxe6 20.dxe6 Nxe6 21.Bxf5 
Nxd4 22.Qxd4 b4 23.Ne2 d5 24.Nf4 Ne4 25.Be6+ Kh8 26.Qe3 Qd6 27.Ng6+ hxg6 
28.Qh3+ 1-0